| 000 | 00000nam##2200000za#4500 |
| 001 | 9.615084 |
| 003 | CaOODSP |
| 005 | 20241203113634 |
| 007 | ta |
| 008 | 150406|2000||||xxc||||| f|0| 0 eng|d |
| 020 | |a0-662-28587-5 |
| 040 | |aCaOODSP|beng |
| 043 | |an-cn--- |
| 086 | 1 |aEn40-215/49E |
| 110 | 1 |aCanada. |bEnvironment Canada. |
| 245 | 10|aAcrylonitrile |
| 246 | 1 |iAt head of title : |aCanadian Environmental Protection Act, 1999 |
| 260 | |aOttawa - Ontario : |bEnvironment Canada |c2000. |
| 300 | |avi, 76p. : |breferences, tables ; |c28 cm. |
| 490 | 1 |aPriority substances list assessment report |
| 500 | |a"In 1994, 7600 tonnes of acrylonitrile were used in Canada, all of which was imported from the United States... The atmosphere and the freshwater aquatic environment receive 97.3% and 2.7% of the releases of acrylonitrile, respectively. The releases are almost exclusively (97.4%) from the organic chemical manufacturing industry--namely, the chemicals and chemical products industry and the plastics industry--and occur in southern Ontario and southern Quebec."--Synopsis. |
| 520 | 3 |aIn 1994, 7600 tonnes of acrylonitrile were used in Canada, all of which was imported from the United States... The atmosphere and the freshwater aquatic environment receive 97.3% and 2.7% of the releases of acrylonitrile, respectively. The releases are almost exclusively (97.4%) from the organic chemical manufacturing industry--namely, the chemicals and chemical products industry and the plastics industry--and occur in southern Ontario and southern Quebec.--Synopsis |
| 563 | |aSpiral binding |
| 590 | |a00-25|b2000-06-23 |
| 690 | 07|aToxic substances|2gcpds |
| 690 | 07|aToxicology|2gcpds |
| 690 | 07|aEnvironmental impact assessment|2gcpds |
| 776 | 0#|tAcrylonitrile / |w(CaOODSP)9.557443 |
| 830 | #0|aPriority substances list assessment report.|w(CaOODSP)9.514568 |